Statistics for Liga Portugal Teams

Click here to take the quiz!

General Stats

  • This quiz has been taken 57 times
  • The average score is 8 of 18

Answer Stats

HintAnswer% Correct
F.C.Benfica
95%
F.C.Porto
95%
F.C.Arouca
49%
F.C.Boavista
49%
F.C.Sporting Lisbon
46%
F.C.Rio Ave
43%
F.C.Chaves
38%
F.C.Estoril Praia
38%
F.C.Gil Vicente
35%
F.C.Portimonense
35%
F.C.Sporting Braga
35%
F.C.Vitoria Guimaraes
35%
F.C.Casa Pia
32%
F.C.Maritimo
32%
F.C.Santa Clara
32%
F.C.Vizela
32%
F.C.Famalicao
30%
F.C.Pacos de Ferreira
30%

Score Distribution

Percentile by Number Answered

Percent of People with Each Score

Your Score History

You have not taken this quiz